HVAC procedures & forms manual / (Record no. 599638)
[ view plain ]
| 000 -LEADER | |
|---|---|
| fixed length control field | 00299nam a2200109Ia 4500 |
| 008 - FIXED-LENGTH DATA ELEMENTS--GENERAL INFORMATION | |
| fixed length control field | 230907s9999||||xx |||||||||||||| ||und|| |
| 082 ## - DEWEY DECIMAL CLASSIFICATION NUMBER | |
| Classification number | 697.00299 |
| Author Mark | WEN |
| 100 ## - MAIN ENTRY--PERSONAL NAME | |
| Personal name | Wendes, Herbert |
| 9 (RLIN) | 118033 |
| 245 ## - TITLE STATEMENT | |
| Title | HVAC procedures & forms manual / |
| Statement of responsibility, etc. | Herbert Wendes. |
| 260 ## - PUBLICATION, DISTRIBUTION, ETC. | |
| Date of publication, distribution, etc. | 2019-09-27 |
| 942 ## - ADDED ENTRY ELEMENTS (KOHA) | |
| Source of classification or shelving scheme | |
| Koha item type | E-Books |
| Withdrawn status | Lost status | Source of classification or shelving scheme | Damaged status | Not for loan | Permanent Location | Current Location | Date acquired | Total Checkouts | Full call number | Barcode | Date last seen | Price effective from | Koha item type |
|---|---|---|---|---|---|---|---|---|---|---|---|---|---|
| US-Pakistan Center for Advanced Studies in Energy (USPCAS-E) | US-Pakistan Center for Advanced Studies in Energy (USPCAS-E) | 09/19/2023 | 697.00299 WEN | CAS-E0003737 | 09/19/2023 | 09/19/2023 | E-Books |
